| 000 | 00576nam a2200181Ia 4500 | ||
|---|---|---|---|
| 003 | IN-BaIIA | ||
| 008 | 211028s9999 xx 000 0 eng d | ||
| 020 | _a0-89252-379-4 | ||
| 040 | _cIIA Library | ||
| 080 |
_a535(082.1) _bSPI-444 |
||
| 245 | 0 |
_aAdvanced technology optical telescopes II _cedited by Larry D. Barr and Brian Mack, |
|
| 260 |
_aWashington _bSociety of Photo-Optical Instrumentation Engineers _c1984 |
||
| 300 | _avi, 326p. | ||
| 650 |
_aOptical telescopes _93706 |
||
| 700 |
_aBarr, Larry D., ed. _913839 |
||
| 700 |
_aMack, Brian., ed. _913840 |
||
| 942 | _cBK | ||
| 999 |
_c8251 _d8251 |
||